| 000 | 00504nam a2200181Ia 4500 | ||
|---|---|---|---|
| 005 | 20250326141749.0 | ||
| 008 | 250326s9999 xx 000 0 und d | ||
| 037 | _aTextbook | ||
| 040 |
_aFMSL _beng _cFMSL |
||
| 041 |
_aeng _2eng |
||
| 084 | _qFMSL | ||
| 100 | _aGupta Ramesh | ||
| 245 | 0 |
_aState electricity boards in India Study intariffs and costs _cGupta Ramesh; Singh Abnash |
|
| 260 |
_aAhmedabad _bAhmedabad, I I M _c1980 |
||
| 300 | _a211p | ||
| 942 | _cTB | ||
| 999 |
_c1291853 _d1291853 |
||